000 00760nam a2200265Ia 4500
003 OSt
005 20220928112654.0
006 a|||||r|||| 00| 0
007 ta
008 220927b |||||||| |||| 00| 0 eng d
020 _c0
024 _a111940
037 _bGIFT, 01/06/2011, Gift
_cTextual
040 _aSDCL
_cSDCL
_beng
041 _2eng
_aeng
082 _aB245, P5
100 _aTapp Kristopher
_9429162
245 0 _aMatrix groups for undergraduates.
260 _aProvidence
_bAmerican Mathematical Society
_c2005
300 _av,166p.
_ccm.
490 _vV29 : Student mathematical library
650 _aGift
_9391569
942 _hB245, P5
_cTEXL
_2CC
999 _c745649
_d745649